000 00378nam a2200145Ia 4500
008 230711s9999||||xx |||||||||||||| ||und||
041 _aENG
082 _a621
_bRI-S
100 _aRiso,Ovid
245 0 _aSales promotion handbook
250 _a7th Ed.
260 _c1994
_aNew Delhi
_bUBS Publishers and Distributors Pvt.Ltd.
650 _aUNIVESITY BUSNIESS SCHOOL
942 _cBK
999 _c2568
_d2568